Städte und Gemeinden im Landkreis Vorpommern-Rügen mit Karte - Statistiken

Allgemein
  • Dieses Quiz wurde 103 mal gespielt
  • Das Durchschnittsergebnis liegt bei 23 aus 102
Antworten auf der Karte
Die Antworten werden auf der Karte rot bzw. grün angezeigt, abhängig davon wie oft sie richtig erraten wurden.
 
Antwortstatistiken
Stadt oder Gemeinde % Korrekt
Stralsund
97%
Bergen auf Rügen
88%
Ostseebad Binz
84%
Sassnitz
84%
Hiddensee
77%
Zingst
74%
Putbus
63%
Barth
55%
Ostseebad Sellin
55%
Ummanz
48%
Altefähr
45%
Grimmen
44%
Garz auf Rügen
42%
Ribnitz-Damgarten
42%
Ostseebad Göhren
41%
Wiek auf Rügen
37%
Prerow
36%
Samtens
36%
Sundhagen
36%
Rambin
34%
Ahrenshoop
32%
Glowe
32%
Ostseebad Baabe
32%
Putgarten
32%
Altenkirchen
30%
Gingst
30%
Ralswiek
30%
Sagard
30%
Schaprode
29%
Dranske
26%
Lietzow
26%
Mönchgut
26%
Born auf Darß
25%
Lohme
23%
Poseritz
22%
Trent
22%
Wustrow
22%
Zirkow
22%
Lancken-Granitz
21%
Marlow
21%
Neuenkirchen
21%
Rappin
21%
Süderholz
21%
Tribsees
21%
Velgast
21%
Breege
19%
Gustow
19%
Dierhagen
18%
Wieck auf Darß
18%
Patzig
16%
Saal
16%
Franzburg
15%
Prohn
15%
Sehlen
15%
Steinhagen
15%
Bad Sülze
14%
Dreschvitz
14%
Fuhlendorf
14%
Richtenberg
14%
Buschvitz
12%
Kluis
12%
Pruchten
12%
Klausdorf
11%
Elmenhorst
10%
Groß Kordshagen
10%
Niepars
10%
Wendorf
10%
Zarrendorf
10%
Altenpleen
8%
Eixen
8%
Glewitz
8%
Jakobsdorf
8%
Kramerhof
8%
Lindholz
8%
Preetz
8%
Schlemmin
8%
Wittenhagen
8%
Divitz-Spoldershagen
7%
Drechow
7%
Löbnitz
7%
Trinwillershagen
7%
Wendisch Baggendorf
7%
Grammendorf
5%
Gransebieth
5%
Kenz-Küstrow
5%
Lüdershagen
5%
Lüssow
5%
Millienhagen-Oebelitz
5%
Pantelitz
5%
Parchtitz
5%
Semlow
5%
Weitenhagen
5%
Dettmansdorf
4%
Deyelsdorf
4%
Gremersdorf-Buchholz
4%
Groß Mohrdorf
4%
Karnin
4%
Papenhagen
4%
Splietsdorf
4%
Ahrenshagen-Daskow
3%
Hugoldsdorf
3%
Keine übereinstimmenden Quizze gefunden
Verteilung der Resultate
Anzahl Personen mit jedem Resultat
Perzentil nach korrekt beantworteten Fragen
Ihre Resultats-Entwicklung
Sie haben dieses Quiz noch nicht gespielt